000 00382 a2200157 4500
999 _c78880
_d78879
005 20200218121033.0
008 141110b xxu||||| |||| 00| 0 eng d
020 _a9788126442393
080 _aFM
_bBEN/K
100 _a Benyamin
_923037
245 _aKathakal
260 _c2013
_bD C Books
_aKottayam
300 _a318p.
653 _aFiction - Malayalam literature
653 _aMalayalam short stories
942 _cBK